Statistics for Newest African Sovereign States

Click here to take the quiz!

General Stats

  • This quiz has been taken 32 times
  • The average score is 9 of 11

Answer Stats

YearAnswer% Correct
2011South Sudan
100%
1993Eritrea
96%
1990Namibia
96%
1977Djibouti
93%
1975Mozambique
85%
1976Seychelles
85%
1975Angola
81%
1975Cape Verde
81%
1975Comoros
78%
1975Sao Tome and Principe
78%
1980Zimbabwe
74%

Score Distribution

Percentile by Number Answered

Percent of People with Each Score

Your Score History

You have not taken this quiz